[Event "21st Mediterranean Flowers WGM 2021"]
[Site "Rijeka"]
[Date "2021.03.08"]
[Round "2.4"]
[White "Spiranec, Noemi"]
[Black "Manakova, Maria"]
[Result "1-0"]
[WhiteElo "2077"]
[BlackElo "2271"]
[Annotator "TA"]
[PlyCount "121"]
[EventDate "2021.03.07"]
[EventType "tourn"]
[EventCountry "CRO"]
[SourceTitle "playchess.com"]
[Source "ChessBase"]
[SourceQuality "1"]

{[%evp 10,121,23,10,19,17,25,14,12,-21,-18,-15,-20,-35,-35,-39,61,66,58,67,64,61,122,124,135,121,117,108,118,115,198,160,209,229,337,279,368,334,349,355,517,502,561,410,498,505,627,597,582,391,483,289,658,652,706,689,1106,1075,1125,787,773,769,975,957,1685,1699,1697,1683,1637,1622,1558,1558,1443,1382,1294,1089,29976,5639,29977,29978,29978,29979,29978,29980,29977,29981,29982,29983,29983,29984,29983,29984,29984,29985,29985,29985,29983,0,29982,29980,29980,29981,29981,29982,29982,29983,29983,29984,29984,29985,29985,29983,29986,29987]} 1. d4 f5 2. Nc3 Nf6 3. Bg5 d5 4. Bxf6 exf6 5. e3 Be6 6. Bd3 g6 {A80: Dutch Defence: Unusual White second moves.} 7. h4 h5 8. a3 c6 {The position is equal.} 9. Qf3 Bd6 10. Nge2 Bf7 11. Nf4 {[#]} Nd7 $146 ({Predecessor:} 11... Qa5 12. Qh3 Nd7 13. f3 O-O-O 14. O-O-O Bxa3 15. Ncxd5 cxd5 16. bxa3 Qxa3+ 17. Kd2 Qb4+ {½-½ (60) Lin,Z-Escribano,J (2037) Mount Buller 2005}) 12. Nce2 Ne5 13. dxe5 $14 fxe5 {[#]} 14. Nxg6 $1 {[%mdl 64] Remove Defender} Bxg6 15. Bxf5 Bf7 {White now steadily converts the win.} (15... Qf6 $14 16. Ng3 Bxf5 17. Qxf5 Qxf5 18. Nxf5 Kd7) 16. O-O-O $16 e4 17. Qh3 Qf6 18. Nd4 Be5 {White should prevent ...c5.} 19. f4 exf3 (19... Bxd4 $16 20. Rxd4 Ke7) 20. gxf3 Rd8 21. f4 Bb8 (21... Bxd4 $142 22. exd4 Rd6 23. Rhe1+ Kd8) 22. Rhe1 Rh6 23. Kb1 Kf8 24. Nf3 c5 (24... a6 $142 25. e4 dxe4) 25. Ng5 $18 Bg8 26. Rf1 Qe7 27. e4 dxe4 28. Rxd8+ Qxd8 29. Bxe4 Rf6 30. Bxb7 (30. Rg1 $142 {aiming for Nh7+.} Bxf4 31. Nh7+ Bxh7 32. Bxh7) 30... Bxf4 $2 (30... Rxf4 31. Re1 Kg7 32. Ne6+ Bxe6 33. Rxe6 Kf7) 31. Ne4 {[%mdl 64] [#] Double Attack} Be6 32. Qc3 Rf5 33. Nxc5 Bg8 34. Qd3 Qxd3 35. Nxd3 Bc4 36. Rxf4 Bxd3 37. Rxf5+ Bxf5 {[%mdl 4096] Endgame KB-KB} 38. Kc1 Ke7 39. Kd2 Kf6 40. c4 Ke5 41. Ke3 Be6 42. c5 a5 43. Bf3 (43. b4 $142 axb4 44. axb4 Kf6 45. b5 Ke7 46. b6 Bc4 47. Bf3 Kd7 48. Bxh5) 43... Bf7 44. b4 axb4 45. axb4 Be8 46. c6 Kd6 47. Kd4 Bf7 48. b5 {[%cal Bb4b5,Bb5b6][%mdl 32]} Be8 49. Be4 Bf7 50. b6 Be6 51. c7 Bc8 52. Kc4 Ba6+ 53. Kd4 Bc8 $1 54. b7 {White mates.} Bxb7 55. Bxb7 Kxc7 {KB-KP} 56. Bd5 Kd6 57. Ke4 Ke7 58. Kf5 Ke8 59. Kg6 Kf8 60. Bf7 Ke7 61. Kg7 {Weighted Error Value: White=0.26/Black=0.64} 1-0

[Event "21st Mediterranean Flowers WGM 2021"]
[Site "Rijeka"]
[Date "2021.03.08"]
[Round "2.5"]
[White "Kejzar, Petra"]
[Black "Radikovic, Anamarija"]
[Result "0-1"]
[WhiteElo "2043"]
[BlackElo "1986"]
[Annotator "TA"]
[PlyCount "102"]
[EventDate "2021.03.07"]
[EventType "tourn"]
[EventCountry "CRO"]
[SourceTitle "playchess.com"]
[Source "ChessBase"]
[SourceQuality "1"]

{[%evp 9,102,31,56,50,62,37,0,19,93,89,84,75,112,116,101,89,113,50,57,57,46,0,0,-27,79,79,79,80,80,79,81,0,0,0,0,0,0,-5,-5,-6,0,-28,0,-28,-31,-35,-6,-6,0,0,-8,-128,-103,-115,-124,-125,-107,-347,-350,-362,-289,-322,-297,-558,-531,-651,-601,-545,-424,-424,-424,-424,-424,-424,-424,-424,-424,-1043,-872,-29966,-29968,-29972,-29972,-29973,-29974,-29974,-29975,-29974,-29975,-29975,-29976,-29975,-29976,-5587,-5159]} 1. d4 Nf6 2. Nc3 g6 3. e4 d6 4. Bf4 Bg7 5. Qd2 Nbd7 6. Nf3 {B07: Pirc Defence: Miscellaneous Systems.} c5 7. O-O-O cxd4 8. Nxd4 {The position is equal.} ({Much worse is} 8. Qxd4 Nh5 $15) 8... O-O ({Don't play} 8... e5 $6 9. Ndb5 $16) (8... a6 $11) 9. Bh6 $16 Nc5 10. f3 Qa5 11. Bxg7 Kxg7 12. g4 Be6 13. Nxe6+ (13. a3 $16) 13... Nxe6 $14 {[#]} 14. Bc4 $146 ({Predecessor:} 14. h4 Rac8 15. f4 Rxc3 16. Qxc3 Qxc3 17. bxc3 Nxg4 18. Rg1 Nf2 19. Re1 h5 20. f5 {½-½ (29) Andersen,E-Fine,R Warsaw 1935}) 14... Rac8 15. Bxe6 (15. Bd5 {feels hotter.} Rc5 16. h4 Rfc8 17. Kb1 Rxc3 18. bxc3 Rxc3 19. Bb3) 15... fxe6 16. h4 (16. e5 {is more complex.} dxe5 17. Rhe1 Rfd8 18. Qe3 Rxd1+ 19. Rxd1 e4 20. h4) 16... Rxc3 17. Qxc3 $16 Qxc3 18. bxc3 $11 {[%mdl 4096] Endgame KRR-KRN} Nd7 19. Rh3 Ne5 20. Rd3 Nxd3+ 21. cxd3 {KR-KR} e5 22. Kd2 b5 23. Ke3 Rc8 24. Kd2 Rf8 25. Rg3 e6 26. d4 exd4 27. cxd4 e5 28. Ke3 Rc8 {aiming for ...Rc3+.} 29. dxe5 dxe5 30. Kd3 (30. Rg1 $11) 30... b4 $17 31. Rg1 Rc3+ 32. Ke2 Ra3 33. Rb1 $2 {[#] This move loses the game for White.} (33. Rc1 $17) 33... Rxa2+ $19 34. Kd3 a5 35. Kc4 Ra3 36. Kd5 $2 (36. Rf1) 36... Rxf3 37. g5 b3 {[#] ...a4 is the strong threat.} 38. Kc4 a4 {White must now prevent ...a3.} 39. Kb4 Re3 40. Kxa4 Rxe4+ 41. Kxb3 Rxh4 42. Re1 e4 43. Kc4 (43. Ra1 $142 e3 44. Kc3) 43... Rg4 44. Kd4 Rxg5 45. Kxe4 Rf5 46. Rh1 h5 47. Rh2 Kh6 48. Rh1 Rf7 49. Ra1 h4 50. Ra5 g5 51. Ra8 Kh5 {Weighted Error Value: White=0.59/Black=0.18} 0-1

[Event "21st Mediterranean Flowers WGM 2021"]
[Site "Rijeka"]
[Date "2021.03.09"]
[Round "3.1"]
[White "Radikovic, Anamarija"]
[Black "Berke, Ana"]
[Result "0-1"]
[WhiteElo "1986"]
[BlackElo "2188"]
[Annotator "TA"]
[PlyCount "102"]
[EventDate "2021.03.07"]
[EventType "tourn"]
[EventCountry "CRO"]
[SourceTitle "playchess.com"]
[Source "ChessBase"]
[SourceQuality "1"]

{[%evp 10,102,47,10,21,5,7,-36,25,-33,-11,-76,-59,-74,-61,-79,-27,-29,-41,-64,-37,-62,-47,-100,-19,-12,-10,-28,-27,-93,-95,-108,-87,-76,-104,-182,-161,-161,-89,-92,0,-90,0,0,0,0,16,0,0,-6,-7,-4,0,-8,0,-31,-33,-93,-101,-215,-198,-287,-284,-270,-280,-276,-264,-264,-260,-262,-247,-259,-249,-255,-234,-266,-257,-285,-247,-294,-290,-322,-314,-510,-500,-619,-585,-653,-458,-841,-718,-1386,-1208,-2042,-1961]} 1. e4 c5 2. Nc3 Nc6 3. Bb5 Nd4 4. Nf3 g6 5. O-O Bg7 6. Re1 a6 {B31: Sicilian: 2...Nc6 3 Bb5 g6.} 7. Bf1 d6 8. h3 e6 (8... Nxf3+ $15 9. Qxf3 e6) 9. a4 (9. Nxd4 $1 $11 cxd4 10. Ne2) 9... Ne7 {[#]} 10. e5 $146 (10. Nxd4 $11 cxd4 11. Ne2) ({Predecessor:} 10. Nb1 b6 11. Nh2 Bb7 12. c3 Ndc6 13. d3 O-O 14. Be3 d5 15. Qc1 Na5 16. Nd2 {0-1 (44) De Haro,M (2028)-Almeida,G (1925) Sao Paulo 2016}) 10... d5 $17 11. d3 Nec6 12. Bf4 O-O (12... Nxf3+ $17 13. Qxf3 O-O) 13. Nxd4 $11 cxd4 14. Na2 Bd7 15. Nc1 Qc7 16. Nb3 ({White should play} 16. Qe2 $15) 16... Rac8 ({But not} 16... Bxe5 $6 17. Bxe5 Nxe5 18. Nxd4 $11) (16... f6 $17 {[%cal Rf6e5]} 17. exf6 Qxf4 18. fxg7 Qxf2+ 19. Kh1 Kxg7) 17. Qd2 Qb6 18. Rac1 a5 19. Bg5 (19. h4 $11) 19... Nxe5 $17 20. Qxa5 Qxa5 21. Nxa5 Bxa4 22. Be7 (22. Nxb7 $17 Rxc2 23. f4) 22... Rfe8 $19 ({Inferior is} 22... Bxc2 23. Bxf8 Kxf8 24. Nb3 $1 $18) 23. Bd6 {[#]} f6 (23... b6 $1 $19 24. Nb3 (24. Nb7 Nd7) 24... Nd7) 24. Nxb7 $17 Rxc2 ({Not} 24... Bxc2 $2 25. Bxe5 fxe5 26. Nd6 $18) (24... Nf7 $1 $17 {And now ...Bc6 would win.} 25. Bc5 Rc7) 25. b3 {[#]} (25. Rxc2 $11 Bxc2 26. Nc5) 25... Bxb3 (25... Rxc1 $1 $17 26. Rxc1 Bb5) 26. Nc5 $36 {[%mdl 2048] White is more active.} Rxc1 (26... Rb2 {is interesting.} 27. Re2 Rxe2 28. Bxe2 Nf7 29. Bg3 Ba2) 27. Rxc1 Nf7 28. Bg3 Bh6 29. Rb1 Bc2 30. Rb2 Bd1 31. Rb6 Nd8 32. Bc7 Bf8 33. Nd7 (33. Bd6 $1 $15) 33... Be7 $17 {Black converts the advantage convincingly.} 34. Rb8 (34. f4 $17) 34... Kf7 $19 35. Rb6 (35. Rb1 $142 Ba4 36. Nb6) 35... Ba4 36. Nb8 e5 37. Ra6 {[#]} Ne6 $1 38. Rxa4 {White wants to play Na6.} Nxc7 39. Nc6 Ra8 40. Rxa8 Nxa8 {[%mdl 4096] Endgame KBN-KBN} 41. Be2 Nc7 42. Bd1 Ke6 43. Bb3 f5 44. Kf1 Kd6 45. Nb4 Kc5 46. Nc2 (46. Na2) 46... e4 {Black is clearly winning.} 47. Ke2 Nb5 48. Ne1 Bg5 49. g3 (49. Kd1 $142) 49... Nc3+ 50. Kf1 Bd2 51. dxe4 fxe4 {Weighted Error Value: White=0.54/Black=0.20} 0-1

[Event "21st Mediterranean Flowers WGM 2021"]
[Site "Rijeka"]
[Date "2021.03.09"]
[Round "3.2"]
[White "Manakova, Maria"]
[Black "Kejzar, Petra"]
[Result "0-1"]
[WhiteElo "2271"]
[BlackElo "2043"]
[Annotator "TA"]
[PlyCount "88"]
[EventDate "2021.03.07"]
[EventType "tourn"]
[EventCountry "CRO"]
[SourceTitle "playchess.com"]
[Source "ChessBase"]
[SourceQuality "1"]

{[%evp 9,88,3,8,2,23,0,0,-1,16,0,0,-13,0,0,0,0,20,28,28,0,0,-47,-49,-49,-11,-12,-25,-79,-4,-14,0,-8,0,0,0,0,25,0,37,60,93,97,98,84,94,91,103,117,89,104,129,110,225,176,244,142,166,91,81,45,85,40,95,3,115,54,564,0,0,0,0,-238,-251,-1174,-189,-5220,-5206,-5406,-5306,-6375,-5297]} 1. d4 Nf6 2. g3 d5 3. Bg2 e6 4. Nf3 b5 5. O-O Bb7 6. a4 {A46: 1 d4 Nf6 2 Nf3 e6: Torre, London and Colle Systems.} b4 7. a5 Be7 8. c3 {The position is equal.} bxc3 9. bxc3 O-O 10. Ne5 {[#]} Qc8 $146 ({Predecessor:} 10... Nfd7 11. Nxd7 Qxd7 12. Nd2 c5 13. Ba3 Na6 14. Nf3 Rfc8 15. Ne5 Qc7 16. e3 Rab8 {0-1 (61) Othman,A (2277)-Kovalenko,I (2659) Biel 2017}) 11. Qa4 c5 12. Nd2 cxd4 13. cxd4 Ba6 14. Bf3 Nfd7 15. Bb2 Nxe5 16. dxe5 Qb7 17. Rfb1 Bb5 18. Qg4 (18. a6 $11 {keeps the balance.} Qb6 19. Qa5) 18... a6 (18... Nc6 $17) 19. e4 {exd5 is the strong threat.} d4 20. Bxd4 Nc6 21. Bc3 Rfd8 22. Be2 $36 {[%mdl 2048] White has the initiative.} Bc5 23. Nb3 Ba7 24. Bxb5 axb5 25. Qe2 $1 b4 26. Bb2 Qb8 27. Rd1 Rxd1+ 28. Rxd1 Nxe5 29. Kg2 Nc6 30. Qc4 Qe8 (30... Qb7 $16 {was worth a try.}) 31. a6 Rc8 (31... h5 $142 32. Rc1 Nd8 33. Qxb4 h4) 32. Qb5 (32. Rc1 $18) 32... Rb8 $16 33. Qg5 (33. Qa4 $18) 33... e5 34. Rd5 Rc8 35. Qd2 (35. Bxe5 $2 f6 $19) 35... h5 36. h4 ({White should play} 36. Rd7 $16) 36... Qe6 (36... f6 $1 $11) 37. Nc5 (37. Qd3 $1 $16) 37... Qg6 $2 {[%mdl 8192] [#]} (37... Qe7 $14 38. Nd3 f6) 38. f3 $2 ({Only move:} 38. Rd6 $1 $18 Rd8 39. Rxd8+ (39. Rxg6 Rxd2 40. Rxc6 Rxb2 $16) 39... Nxd8 40. Qxd8+ Kh7 41. Qd5 Bxc5 42. Qxc5 Qxa6 43. Qxe5 {[%mdl 64] Double Attack}) 38... Nd4 $1 $11 39. Bxd4 exd4 40. Qxd4 {[#]} (40. Qxb4 $11 {and White stays safe.} Qh6 41. Rf5 (41. Qxd4 Qc1 $11) 41... Bxc5 42. Rxc5 Rxc5 43. Qxc5 Qd2+ 44. Kg1) 40... Qb6 $1 $19 {[%cal Rc8c5]} 41. Nb3 (41. Rg5 g6 42. Re5 (42. Rd5 $2 b3 $19)) 41... Qxa6 $2 (41... Rc2+ 42. Kf1 {[#]} Qe6 $1) 42. Rd8+ $2 (42. Qd1) 42... Kh7 {( -> ...Qe2+). Black is clearly winning.} 43. Qd3 Qa2+ 44. Qd2 Rc2 {Weighted Error Value: White=0.89/Black=0.42} 0-1

[Event "21st Mediterranean Flowers WGM 2021"]
[Site "Rijeka"]
[Date "2021.03.09"]
[Round "3.3"]
[White "Radeva, Viktoria"]
[Black "Spiranec, Noemi"]
[Result "1-0"]
[WhiteElo "2313"]
[BlackElo "2077"]
[Annotator "TA"]
[PlyCount "77"]
[EventDate "2021.03.07"]
[EventType "tourn"]
[EventCountry "CRO"]
[SourceTitle "playchess.com"]
[Source "ChessBase"]
[SourceQuality "1"]

{[%evp 13,77,11,25,7,14,16,16,24,31,13,16,19,29,18,23,21,15,15,26,21,19,37,45,24,32,19,18,0,0,0,0,0,0,0,15,0,0,-5,0,-7,22,2,10,-54,-52,-26,-37,-59,-33,-26,-9,-19,0,0,0,0,355,337,752,262,631,304,29980,29981,29979,29978]} 1. e4 e5 2. Nf3 Nc6 3. Bc4 Bc5 4. d3 Nf6 5. O-O d6 6. c3 a6 {6...h6 is a critical line.} 7. a4 O-O 8. h3 {C54: Giuoco Piano: 4 c3 Nf6, main lines with 5 d4 and 5 d3.} h6 9. Re1 Re8 10. Nbd2 {The position is equal.} Be6 11. Bxe6 Rxe6 12. b4 {[%cal Bb2b4,Bb4b5][%mdl 32]} Bb6 13. Nc4 d5 {[#]} 14. exd5 $146 ({Predecessor:} 14. Nxb6 cxb6 15. exd5 Qxd5 16. Be3 Rae8 17. b5 axb5 18. axb5 Qxb5 19. Rb1 Qd5 20. Rxb6 {½-½ (32) Van Foreest,L (2500)-Sokolov,I (2590) Groningen 2018}) 14... Qxd5 15. Be3 Bxe3 16. Nxe3 Qd7 17. b5 Na5 18. d4 exd4 19. Nxd4 Re5 20. Qf3 Rae8 {[%cal Ra6b5]} 21. Red1 {Nc6! is the strong threat.} Qc8 $1 22. Nef5 Kh7 23. Rab1 axb5 24. axb5 Ne4 25. Ng3 Nxg3 26. Qxg3 c5 27. Nf3 $40 {[%mdl 128] Black needs to defend precisely.} Re2 28. Qd6 (28. Rd5 $11) 28... Qf5 $15 29. Ra1 Nc4 30. Qc7 R8e7 31. Qg3 R7e6 32. Rd8 {Black must now prevent Raa8.} Re8 33. Raa8 Qb1+ 34. Kh2 Qxb5 {[%mdl 8192]} (34... Rxd8 $11 35. Rxd8 Qf5) 35. Qf4 $18 {Threatens to win with Qf5+.} Nb6 $2 (35... Kg8 36. Rxe8+ {[%mdl 64] Overworked Piece} Rxe8 37. Rxe8+ Qxe8 38. Qxc4 Qe7) 36. c4 $2 Nxc4 $2 (36... Nxa8 37. cxb5 Rxd8 38. Qxf7 Ree8) 37. Qxf7 (37. Qf5+ $142 Kg8 38. Rxe8+ Rxe8 {[#]} 39. Nd4 $1 {[%mdl 512]} cxd4 40. Qxb5 Rxa8 41. Qxc4) 37... R2e7 $2 {[#]} (37... Nd6 $18 38. Qf4 (38. Rxd6 Rxa8 39. Qf5+ Kg8 $14) 38... Rxd8 39. Rxd8 Re6 40. Rxd6 Rxd6) 38. Ng5+ $1 {[%mdl 512]} hxg5 39. Qh5+ {[%mdl 64] Double Attack.  Weighted Error Value: White=0.31/Black=0.56} 1-0

[Event "21st Mediterranean Flowers WGM 2021"]
[Site "Rijeka"]
[Date "2021.03.09"]
[Round "3.4"]
[White "Medic, Mirjana"]
[Black "Zimina, Olga"]
[Result "0-1"]
[WhiteElo "2169"]
[BlackElo "2364"]
[Annotator "TA"]
[PlyCount "98"]
[EventDate "2021.03.07"]
[EventType "tourn"]
[EventCountry "CRO"]
[SourceTitle "playchess.com"]
[Source "ChessBase"]
[SourceQuality "1"]

{[%evp 21,98,0,0,-17,-12,-4,0,0,0,0,-8,-11,-21,-89,-58,-105,-109,-141,-72,-85,-70,-82,-81,-84,-78,-80,-75,-93,-74,-106,-85,-81,-34,-25,0,-113,-126,-154,-149,-203,-140,-488,-488,-518,-373,-357,-346,-909,-894,-717,-313,-312,-309,-322,-322,-315,-312,-288,-304,-301,-304,-656,-654,-649,-507,-714,-691,-692,-703,-742,-739,-747,-741,-730,-706,-1082,-1064,-1044,-995]} 1. d4 Nf6 2. c4 c5 3. d5 e6 4. Nc3 exd5 5. cxd5 d6 6. Nf3 g6 7. g3 Bg7 8. Bg2 O-O 9. O-O Re8 10. Nd2 {10.Bf4 is setting a new trend.} Nbd7 11. Nc4 Nb6 12. Ne3 {A62: Modern Benoni: Fianchetto Variation without early ...Nbd7.} Ng4 13. Nxg4 Bxg4 14. h3 {The position is equal.} Bd7 15. Qc2 {[#]} Qe7 $146 ({Predecessor:} 15... Rc8 16. Bf4 Qe7 17. Rad1 Nc4 18. e4 b5 19. Bc1 Qf6 20. f4 b4 21. Ne2 Bb5 {0-1 (50) Wiktor,R-Konietzka,L (2151) Recklinghausen 2000}) 16. e4 f5 17. f3 (17. h4 $11) 17... Nc4 18. Ne2 b5 19. Rb1 a5 (19... fxe4 $142 20. fxe4 Rf8) 20. b3 $17 Nb6 21. Nf4 a4 22. Be3 axb3 23. axb3 Ra3 24. Bc1 Ra6 25. Rd1 fxe4 26. fxe4 c4 27. bxc4 bxc4 28. Qf2 {[#]} (28. Be3 $11 Ba4 29. Qa2) 28... Na4 $1 {[%cal Ra4c3]} 29. Rb7 {Ne6! is the strong threat.} Nc5 30. Rb4 (30. Rc7 $17) 30... Nxe4 31. Qc2 {[%mdl 8192] Now White is beyond hope.} (31. Bxe4 $17 Qxe4 32. Rb7) 31... Nc3 $19 32. Rf1 Ra2 33. Rb2 Ne2+ 34. Nxe2 $2 (34. Qxe2 Bxb2 35. Qxc4) 34... Bxb2 35. Nc3 {[#]} Ba4 $1 {[%mdl 512]} 36. Qb1 Bxc1 ({Don't play} 36... Bxc3 37. Qxa2 Bb5 38. Kh2 $19) ({Weaker is} 36... Qa7+ 37. Kh2 $11) 37. Qxa2 Bb3 38. Qa1 Be3+ 39. Kh2 {With the idea Ne4.} Bd4 {White must now prevent ...Qe3.} 40. Qc1 Qe3 41. Qxe3 (41. Nb5 Qxc1 42. Rxc1) 41... Rxe3 {Black is clearly winning.} 42. Ne4 Be5 43. Bf3 c3 {[%cal Bc4c3,Bc3c2][%mdl 32] Strongly threatening ...Bc4.} 44. Kg2 Kg7 45. Ng5 c2 46. Ne6+ Kf6 47. Nd8 Rc3 48. Bg4+ Kg7 49. Ne6+ Kh6 {Weighted Error Value: White=0.65/Black=0.29} 0-1

[Event "21st Mediterranean Flowers WGM 2021"]
[Site "Rijeka"]
[Date "2021.03.09"]
[Round "3.5"]
[White "Unuk, Laura"]
[Black "Hrescak, Ivana"]
[Result "1-0"]
[WhiteElo "2389"]
[BlackElo "2201"]
[Annotator "TA"]
[PlyCount "105"]
[EventDate "2021.03.07"]
[EventType "tourn"]
[EventCountry "CRO"]
[SourceTitle "playchess.com"]
[Source "ChessBase"]
[SourceQuality "1"]

{[%evp 27,105,41,27,0,0,0,23,-63,-72,-104,-102,-90,-104,-212,-195,-215,-178,-194,37,36,38,48,51,45,43,0,0,-66,125,139,185,168,207,192,185,-33,173,0,122,133,118,127,123,136,145,158,156,146,234,214,227,225,276,273,300,275,341,358,351,339,339,331,379,364,597,589,1044,1029,883,821,2089,2070,29979,29979,29973,29971,29979,29979,29981,29982]} 1. d4 Nf6 2. c4 g6 3. Nf3 Bg7 4. g3 O-O 5. Bg2 d6 6. Nc3 c6 7. O-O Qa5 8. h3 e5 9. e4 Nbd7 10. Re1 exd4 11. Nxd4 Ne5 12. Bf1 Re8 13. Be3 Be6 14. Nxe6 Rxe6 15. Qe2 {E69: King's Indian: Fianchetto: 6...Nbd7 7 0-0 e5 8 e4 c6 9 h3.} Rae8 {[#]} 16. Red1 $146 ({Predecessor:} 16. a3 Ned7 17. Bg2 Nb6 18. Rac1 Na4 19. Nxa4 Qxa4 20. Qc2 Qxc2 21. Rxc2 a6 22. Rd1 Bf8 23. f3 d5 24. cxd5 cxd5 25. e5 Rxe5 26. Bd4 R5e6 27. Bxf6 {½-½ (27) Huebner,R (2593)-Markus,R (2611) Germany 2013}) 16... a6 17. c5 (17. a3 $11) 17... dxc5 $15 18. f4 Ned7 19. Bg2 b5 $1 {[%cal Bb7b5,Bb5b4][%mdl 32] aiming for ...b4.} 20. Qc2 (20. a3 $17 {was necessary.}) 20... b4 $19 21. Na4 Nxe4 22. Rxd7 Nxg3 (22... Nf6 $19 23. Rd3 Rxe3 24. Rxe3 Rxe3 25. Qxc5 Qxc5 26. Nxc5 Nh5) 23. Bxc5 Ne2+ 24. Kh1 Nxf4 25. Bf1 {a3 is the strong threat.} Nd5 26. Qb3 $40 {[%mdl 128] Strongly threatening Bc4. White has some attack.} Nf6 27. Rb7 ({White should play} 27. Rd3 $11) 27... Qd8 $2 (27... Ne4 $1 $15 {keeps the upper hand.} 28. Qxb4 Qd8) 28. Rd1 $16 (28. Qxb4 $6 Ne4 $11) 28... Nd5 {[#]} 29. Nb6 $1 (29. Bxa6 $2 Re1+ 30. Bf1 (30. Rxe1 $2 Rxe1+ 31. Kg2 Be5 $19) 30... Qc8 $19) (29. Bxb4 $2 Re3 $19) 29... Qf6 {White must now prevent ...Ne3.} 30. Nxd5 cxd5 31. Bd4 $2 (31. Rxb4 Bf8 $11) (31. Qxd5 Re5 $11) ({White should try} 31. Bg1 $18) 31... Qf5 $2 {[#]} (31... Qf4 $15 32. Bg1 (32. Qxd5 $2 Re1 $19) 32... Re1) 32. Bxg7 $2 ({Don't blunder} 32. Rxb4 $2 a5 $19) (32. Bg1 $1 $18) 32... Re1 {[#]} (32... Re3 $1 $11 {keeps the balance.} 33. Qxd5 Rxh3+ 34. Bxh3 Qxh3+ 35. Kg1 Qg4+ 36. Kh1 Qh3+ 37. Kg1 Qg4+ 38. Kh1 Qh3+) 33. Qd3 $1 Rxd1 34. Qxd1 Kxg7 35. Rxb4 Kg8 36. Rd4 Qf2 37. Rd2 Qh4 (37... Qf6 $16 {was worth a try.} 38. Rxd5 Qxb2) 38. Qf3 Re4 39. Rf2 Qe7 40. Bxa6 Re3 {[#]} 41. Re2 $1 {[%mdl 512]} Rxf3 (41... Rxe2 42. Bxe2) 42. Rxe7 Rxh3+ $18 {[%mdl 4096] Endgame KRB-KR} 43. Kg2 Rh4 44. b3 Rd4 45. a4 {[%cal Ba2a4,Ba4a5][%mdl 32]} h5 $2 (45... Kf8 46. Rb7 Rd2+ 47. Kg3 h6) 46. a5 Rb4 47. Rb7 Rg4+ 48. Kh3 f5 49. Be2 Re4 50. Bf3 {White mates.} Re3 51. Kg2 g5 52. a6 g4 53. Bxd5+ {Both players deserved the win here.  Weighted Error Value: White=0.29/Black=0.57} 1-0

[Event "21st Mediterranean Flowers WGM 2021"]
[Site "Rijeka"]
[Date "2021.03.09"]
[Round "4.1"]
[White "Berke, Ana"]
[Black "Hrescak, Ivana"]
[Result "1-0"]
[WhiteElo "2188"]
[BlackElo "2201"]
[Annotator "TA"]
[PlyCount "93"]
[EventDate "2021.03.07"]
[EventType "tourn"]
[EventCountry "CRO"]
[SourceTitle "playchess.com"]
[Source "ChessBase"]
[SourceQuality "1"]

{[%evp 10,93,19,10,20,0,0,0,0,0,31,26,41,33,36,23,38,14,19,20,28,37,94,10,28,0,0,0,0,0,0,0,0,0,0,4,8,0,0,0,0,0,13,0,0,0,0,0,0,0,0,0,0,0,0,0,0,0,0,0,0,0,0,-376,0,0,608,567,589,531,754,763,985,771,2323,2197,12837,12837,12835,12835,12837,12837,12839,12839,12841,12842]} 1. e4 c5 2. Nf3 d6 3. Bb5+ Bd7 4. Bxd7+ Qxd7 5. O-O Nf6 6. Qe2 g6 {B52: Sicilian: Moscow Variation with 3...Bd7.} 7. e5 dxe5 8. Nxe5 {[#]} Qc7 $146 {The position is equal.} ({Predecessor:} 8... Qc8 9. Re1 Nbd7 10. Nc4 e6 11. Nc3 Qc6 12. a4 Bg7 13. Na5 Qb6 14. Nc4 Qc6 15. Na5 Qb6 16. Nc4 Qc6 17. Na5 {½-½ (17) Gonsior,M (2200)-Dworakowska,J (2290) Zagan 1995}) 9. Nc3 {Hoping for Nb5.} a6 10. Re1 {Black must now prevent Qf3.} Bg7 11. d4 cxd4 {[#]} 12. Bf4 $1 {And now Nxg6! would win.} Qd8 {[#]} (12... dxc3 13. Nxg6 $1 Qc5 14. b4 $1 $18) 13. Rad1 $1 O-O {[#]} 14. Be3 $1 Qc7 (14... Qc8 15. Rxd4) 15. Bxd4 Re8 ({Black should play} 15... e6 $14) 16. Na4 (16. Qf3 $16) 16... Nbd7 17. Nxd7 Nxd7 18. Bxg7 Kxg7 19. Rxd7 {[%mdl 64] Remove Defender, Decoy} Qxd7 20. Nb6 {[%csl LRa8,LRd7][%mdl 64] Double Attack} Qd8 21. Nxa8 Qxa8 $11 {[%mdl 4096] Endgame KQR-KQR} 22. Qe5+ Kg8 23. c4 Qd8 24. h4 h5 25. g3 Qd3 26. c5 (26. b3 {with more complications.} Qd2 27. Qe2 Qa5 28. Rd1 Rd8 29. Kg2) 26... e6 27. Qe4 Qxe4 28. Rxe4 {KR-KR} Rc8 29. b4 Rd8 30. Rc4 Rd5 31. a4 Rd1+ 32. Kg2 Rb1 33. Kf3 Kf8 34. Ke4 Ke7 35. Kd4 Rb3 36. c6 $2 {[%mdl 8192] [#]} (36. Ke4 $11) 36... bxc6 $2 (36... Kd6 $1 $19 {( -> ...e5+)} 37. Rc1 (37. cxb7 $2 {gets mated.} e5+ 38. Ke4 f5#) 37... b5 38. axb5 (38. c7 $2 {leads to mate.} e5+ 39. Ke4 f5#) 38... axb5) 37. Kc5 $1 {[%cal Rc5c6]} Ra3 $2 {[%mdl 8192]} (37... Kd7 $11) 38. a5 $18 {[%cal Ba4a5,Ba5a6,Ba6a7][%mdl 32] White is clearly winning.} Kd7 {With the idea ...Kc7.} 39. Kb6 {[%csl LRa6,LRc6]} Rd3 40. Rxc6 Rd4 41. Rc7+ Ke8 42. b5 axb5 43. a6 b4 44. Kc5 Rd5+ 45. Kxb4 Kd8 46. Rxf7 Rd1 47. a7 {[%cal Ra7a8] Weighted Error Value: White=0.25/Black=0.44} 1-0